<?xml version="1.0" encoding="UTF-8"?>
<record
    xmlns:xsi="http://www.w3.org/2001/XMLSchema-instance"
    xsi:schemaLocation="http://www.loc.gov/MARC21/slim http://www.loc.gov/standards/marcxml/schema/MARC21slim.xsd"
    xmlns="http://www.loc.gov/MARC21/slim">

  <leader>01310nam a2200193 a 4500</leader>
  <controlfield tag="001">000025554</controlfield>
  <controlfield tag="005">20200930023855.0</controlfield>
  <controlfield tag="008">110217s1964    xxu     r     000 0 eng d</controlfield>
  <datafield tag="040" ind1=" " ind2=" ">
    <subfield code="a">DO-SdBNP</subfield>
    <subfield code="b">spa</subfield>
    <subfield code="c">BNPHU</subfield>
  </datafield>
  <datafield tag="082" ind1=" " ind2=" ">
    <subfield code="a">xxxxx</subfield>
    <subfield code="b">E19d</subfield>
  </datafield>
  <datafield tag="245" ind1="0" ind2="0">
    <subfield code="a">Economic development :</subfield>
    <subfield code="b">evolution or revolution? /</subfield>
    <subfield code="c">Edici&#xF3;n e introducci&#xF3;n Laura Randall.</subfield>
  </datafield>
  <datafield tag="260" ind1=" " ind2=" ">
    <subfield code="a">Boston :</subfield>
    <subfield code="b">D.C. Heath,</subfield>
    <subfield code="c">1964.</subfield>
  </datafield>
  <datafield tag="300" ind1=" " ind2=" ">
    <subfield code="a">xv, 144 p. ;</subfield>
    <subfield code="c">21 cm.</subfield>
  </datafield>
  <datafield tag="490" ind1="1" ind2=" ">
    <subfield code="a">Studies in economics</subfield>
  </datafield>
  <datafield tag="500" ind1=" " ind2=" ">
    <subfield code="a">Incluye notas al pie de las p&#xE1;ginas.</subfield>
  </datafield>
  <datafield tag="505" ind1="0" ind2=" ">
    <subfield code="t">Social and economic revolution for the development of backward countries /</subfield>
    <subfield code="r">J.E.P. Belshaw.</subfield>
    <subfield code="t">Nationalism and economic development /</subfield>
    <subfield code="r">Yusif Sayigh.</subfield>
    <subfield code="t">Revolution and economic development /</subfield>
    <subfield code="r">Carter Goodrich.</subfield>
    <subfield code="t">Brazil : what kind of revolution? /</subfield>
    <subfield code="r">Celso Furtado.</subfield>
    <subfield code="t">Land reform and the Alliance for Progress /</subfield>
    <subfield code="r">Edmundo Flores.</subfield>
    <subfield code="t">The appeal of confiscation in economic development /</subfield>
    <subfield code="r">Martin Bronfenbrenner.</subfield>
    <subfield code="t">Revolution by stealth! : the case for sequential reforms /</subfield>
    <subfield code="r">Albert O. Hirschman.</subfield>
    <subfield code="t">Planning in the underdeveloped countries /</subfield>
    <subfield code="r">Gunnar Myrdal.</subfield>
    <subfield code="t">Political ideology and economic progress : the basic question /</subfield>
    <subfield code="r">Wilfred Malenbaum and Wolfgang Stolper.</subfield>
    <subfield code="t">Economic development policies and Argentine economic growth /</subfield>
    <subfield code="r">Laura Randall.</subfield>
  </datafield>
  <datafield tag="830" ind1=" " ind2="0">
    <subfield code="a">Studies in economics</subfield>
    <subfield code="9">52225</subfield>
  </datafield>
  <datafield tag="049" ind1=" " ind2=" ">
    <subfield code="a">BNGR</subfield>
  </datafield>
  <datafield tag="952" ind1=" " ind2=" ">
    <subfield code="0">0</subfield>
    <subfield code="1">0</subfield>
    <subfield code="5">4</subfield>
    <subfield code="7">0</subfield>
    <subfield code="8">MO</subfield>
    <subfield code="a">GR</subfield>
    <subfield code="b">GR</subfield>
    <subfield code="c">CT</subfield>
    <subfield code="d">2011-02-17</subfield>
    <subfield code="i">LF1</subfield>
    <subfield code="l">0</subfield>
    <subfield code="o">xxxxx E19d</subfield>
    <subfield code="p">25554-10</subfield>
    <subfield code="r">2020-06-25</subfield>
    <subfield code="w">2020-06-25</subfield>
    <subfield code="y">4</subfield>
    <subfield code="Z">Pr&#xE9;stamo en sala</subfield>
  </datafield>
  <datafield tag="999" ind1=" " ind2=" ">
    <subfield code="c">25046</subfield>
    <subfield code="d">25046</subfield>
  </datafield>
</record>
